Регионална библиотека "Любен Каравелов" - Русе

Стихотворения (Запис номер 31991)

MARC детайли
000 -Лидер
Контролно поле с фиксирана дължина 01288nam a2200337 c 4500
003 - Код на организацията, давaща контролен номер
Контролно поле BLK
005 - Дата и час на последна редакция
Контролно поле 20230710134901.0
008 - Елементи от данни с фиксирана дължина
fixed length control field 180407b bul|||||r ||||||| ||bul||
010 ## - Наследен системен номер
LC control number KNG00034660000
020 ## - Международен стандартен номер на книга ISBN
Международен стандартен номер на книга ISBN 954-439-634-9
-- издат.: Слово
040 ## - Източник на каталожния запис
Идентификатор на билиотеката - собственик на записа BLK
041 ## - Код за език
Код за езика на текст/звукозапис или на отделно заглавие Български
Код за езика КДБФ Български
080 ## - УДК
Текстов определител УДК Българска литература
УДК код - определител по УДК 821.163.2
УДК определител -1
УДК - код + определител 821.163.2-1
100 1# - Редна дума - Автор
Автор Вазов, Иван Минчов
Авторска отговорност първи автор
R(LIN) 363396
139 ## - Редно поле
Редна дума Вазов, Иван Минчов
Авторски знак Вазов, Ив. - В 15
245 10 - Сведения за заглавието
Заглавие Стихотворения
Редно поле (дума) Иван Минчов Вазов.
250 ## - Област на изданието
Сведения за изданието 3. прераб. и доп. изд.
257 ## - Страна на издаване
Страна на създаване/издаване България
260 ## - Област на издателските данни
-- В. Търново
Име на издателя, разпространителя и проч. Слово
Година на издаване 2000
300 ## - Физическа характеристика
Страници 207 с.
Размери/Мащаб 20 см
380 ## - Жанр
Жанр Худож. лит.
490 1# - СЕРИИ (Колекции)
Име на серия Малка ученическа библиотека
500 ## - Общи забележки
Забележка 1. изд. 1992. - Офс. изд. - 3 000 тир. ; Доп. тир. 2004. - Съдържа и Кратък животопис ; Препоръчителна библиография ; Речник.
653 ## - Ключова дума – ненормативна
Ключова дума стихотворения
852 ## - Местоположение
Форматна сигнатура Цб 206884
856 4# - Електронен адрес и достъп
Електронен формат pdf - файл
Път до файла /url/
856 4# - Електронен адрес и достъп
Електронен формат pdf - файл
Път до файла /url/
942 ## - АРТИКУЛИ
Вид на библиотечния материал Книги
Скрит в OPAC Не
Koha issues (borrowed), all copies 8
944 ## - СЪЗДАВАНЕ И РЕДАКЦИЯ на ЗАПИСА
Създаване/Редакция Създаване
Дата на регистрацията/редакция 15.01.2003
Служител, извършил регистрацията/редакцията Людмила_Стоянова
944 ## - СЪЗДАВАНЕ И РЕДАКЦИЯ на ЗАПИСА
Създаване/Редакция Редакция
Дата на регистрацията/редакция 21.04.2008
Служител, извършил регистрацията/редакцията
999 ## - СИСТЕМНИ КОНТРОЛНИ НОМЕРА
Koha biblionumber 31991
Koha biblioitemnumber 31991
Наличности
Код за отписване Код за изгубен артикул Източник на класификационната схема Код за повреда Коз за рестрикции Код за отдаване Артикулен № Име на библиотеката - собственик Име на библиотеката, в която се намира в момента Статус (Текущо местоположение) Дата на вписване в системата Местоположение - отдел Цена в лева Инвентарен номер Систематично азбучна сигнатура Баркод Номер на екземпляра Цена в евро Служебна бележка Служебен тип на артикула
  Не е изгубен Universal Decimal Classification Не е повреден без рестрикции ползва се в читалня 50914 Регионална библиотека "Любен Каравелов" Русе Регионална библиотека "Любен Каравелов" Русе Хранилище 2001-01-01 Хранилище 2.00 661137 Цб 206884 120000661137 1 1.02 Дост: Dp Вид: Д N: стар фонд Дата: 01.01.2000 Книги
  Не е изгубен Universal Decimal Classification Не е повреден без рестрикции заемане за дома 50915 Регионална библиотека "Любен Каравелов" Русе Регионална библиотека "Любен Каравелов" Русе Детски отдел 2002-06-14 Детски отдел 2.00 120000670627 Д 886.7/В 15 120000670627 2 1.02 Дост: DA Вид: А N: 22 Дата: 13.06.2002 Дата инв: 17.08.2015 Бележки инв: Д2015 Книги
Изтеглен Не е изгубен Universal Decimal Classification Не е повреден без рестрикции заемане за дома 50916 Регионална библиотека "Любен Каравелов" Русе Регионална библиотека "Любен Каравелов" Русе Заемна - подръчен фонд 2004-09-13 Заемна - подръчен фонд 2.50 120000688204 П 886.7-1/В 15 120000688204 3 1.28 Дост: Pk Вид: Ф N: 8881 Дата: 03.09.2004 Дата инв: 15.02.2018 Бележки инв: П2018 Книги
Изтеглен Не е изгубен   Не е повреден без рестрикции заемане за дома 50917 Регионална библиотека "Любен Каравелов" Русе Регионална библиотека "Любен Каравелов" Русе Заемна - подръчен фонд 2004-09-13 Заемна - подръчен фонд 2.50 120000688205 П 886.7-1/В 15 120000688205 4 1.28 Дост: Pk Вид: Ф N: 8881 Дата: 03.09.2004 Дата инв: 15.02.2018 Бележки инв: П2018 Книги
Изтеглен Не е изгубен Universal Decimal Classification Не е повреден без рестрикции заемане за дома 50918 Регионална библиотека "Любен Каравелов" Русе Регионална библиотека "Любен Каравелов" Русе Заемна - подръчен фонд 2004-09-13 Заемна - подръчен фонд 2.50 120000688207 П 886.7-1/В 15 120000688207 5 1.28 Дост: Pk Вид: Ф N: 8881 Дата: 03.09.2004 Книги
Изтеглен Не е изгубен Universal Decimal Classification Не е повреден без рестрикции заемане за дома 50919 Регионална библиотека "Любен Каравелов" Русе Регионална библиотека "Любен Каравелов" Русе Заемна - подръчен фонд 2004-09-13 Заемна - подръчен фонд 2.50 120000688208 П 886.7-1/В 15 120000688208 6 1.28 Дост: Pk Вид: Ф N: 8881 Дата: 03.09.2004 Дата инв: 15.02.2018 Бележки инв: П2018 Книги
  Не е изгубен Universal Decimal Classification Не е повреден без рестрикции заемане за дома 50920 Регионална библиотека "Любен Каравелов" Русе Регионална библиотека "Любен Каравелов" Русе Заемна - подръчен фонд 2008-02-28 Заемна - подръчен фонд 3.00 120000724026 П 886.7-1/В 15 120000724026 7 1.53 Дост: Ak Вид: Г N: 5 Дата: 28.02.2008 Дата инв: 15.02.2018 Бележки инв: П2018 Книги
Vip Innovations Ltd, Rousse, Bulgaria 2025